|
|
|
|
| LEADER |
01347nam a2200385Ia 4500 |
| 001 |
EBC1037858 |
| 003 |
MiAaPQ |
| 005 |
20200520144314.0 |
| 006 |
m o d | |
| 007 |
cr cn||||||||| |
| 008 |
111102s2012 dcuab sb 000 0 eng d |
| 020 |
|
|
|z 9780821395035
|
| 020 |
|
|
|z 9780821395042
|
| 035 |
|
|
|a (MiAaPQ)EBC1037858
|
| 035 |
|
|
|a (Au-PeEL)EBL1037858
|
| 035 |
|
|
|a (CaPaEBR)ebr10606580
|
| 035 |
|
|
|a (CaONFJC)MIL395042
|
| 035 |
|
|
|a (OCoLC)815653083
|
| 040 |
|
|
|a MiAaPQ
|c MiAaPQ
|d MiAaPQ
|
| 050 |
|
4 |
|a HD87
|b .R484 2012
|
| 245 |
0 |
0 |
|a Rethinking the role of the state in finance
|h [electronic resource].
|
| 260 |
|
|
|a Washington, D.C. :
|b World Bank,
|c 2012.
|
| 300 |
|
|
|a 194 p. :
|b ill., maps.
|
| 490 |
0 |
|
|a Global financial development report ;
|v 2013
|
| 504 |
|
|
|a Includes bibliographical references.
|
| 533 |
|
|
|a Electronic reproduction. Ann Arbor, MI : ProQuest, 2016. Available via World Wide Web. Access may be limited to ProQuest affiliated libraries.
|
| 650 |
|
0 |
|a Economic policy.
|
| 650 |
|
0 |
|a State, The.
|
| 650 |
|
0 |
|a Institutional economics.
|
| 650 |
|
0 |
|a Banks and banking
|x Government policy.
|
| 650 |
|
0 |
|a Finance.
|
| 655 |
|
4 |
|a Electronic books.
|
| 710 |
2 |
|
|a World Bank.
|
| 710 |
2 |
|
|a ProQuest (Firm)
|
| 856 |
4 |
0 |
|u https://ebookcentral.proquest.com/lib/matrademy/detail.action?docID=1037858
|z Click to View
|